[Event "29. Torneo San Viator 2017"]
[Site "Madrid ESP"]
[Date "2017.11.01"]
[Round "7.8"]
[White "Fernandez Estremera, Fernando"]
[Black "Garcia Sanjuan, Jose"]
[Result "0-1"]
[WhiteElo "1721"]
[BlackElo "1899"]
[PlyCount "172"]
[EventDate "2017.09.17"]
[EventType "swiss"]
[EventRounds "9"]
[EventCountry "ESP"]
[SourceTitle "Ajedrez en Madrid"]
[Source "lmi"]
[SourceDate "2017.09.17"]

1. d4 Nf6 2. c4 e6 3. a3 b6 4. Nc3 Bb7 5. Nf3 h6 6. Qc2 d6 7. e4 g5 8. d5 e5 9.
b4 a5 10. Rb1 axb4 11. axb4 Nbd7 12. Be3 Ng4 13. Be2 Be7 14. Nd2 Ngf6 15. Na4
Ba6 16. Nf1 Nf8 17. Ng3 Ng6 18. c5 Bxe2 19. Kxe2 Qd7 20. c6 Qg4+ 21. f3 Qc8 22.
Ra1 Nh4 23. Nxb6 cxb6 24. Bxb6 O-O 25. Qc3 Ra6 26. Ba5 g4 27. b5 gxf3+ 28. gxf3
Ra8 29. b6 Qh3 30. Rag1 Kh7 31. c7 Qc8 32. Rb1 Qa6+ 33. Kf2 Nd7 34. b7 Qa7+ 35.
Qe3 Nc5 36. bxa8=Q Nd3+ 37. Ke2 Nf4+ 38. Qxf4 Qxa8 39. Qd2 Qa6+ 40. Kf2 Bg5 41.
Qc3 Rc8 42. Rb6 Qa7 43. Ra1 Rxc7 44. Qb2 Rc5 45. Bd2 Qd7 46. Bxg5 hxg5 47. Rb7
Qh3 48. Ke3 Ng2+ 49. Kd2 Nf4 50. Rh1 Qg2+ 51. Kd1 Qxf3+ 52. Kd2 Qd3+ 53. Ke1
Qe3+ 54. Kd1 Nd3 55. Qd2 Nf2+ 56. Qxf2 Qxf2 57. Rf1 Qd4+ 58. Ke2 Rc2+ 59. Kf3
Kg6 60. Kg4 Rf2 61. Rxf2 Qxf2 62. Rd7 Qf4+ 63. Kh3 g4+ 64. Kg2 Qd2+ 65. Kg1 Qb4
66. Kf2 Qc5+ 67. Kg2 f6 68. Rd8 Kf7 69. Rd7+ Kf8 70. Nf5 Qc2+ 71. Kg3 Qd3+ 72.
Kf2 Qd2+ 73. Kg3 Qf4+ 74. Kh4 g3+ 75. Kh3 gxh2 76. Rd8+ Kf7 77. Rd7+ Ke8 78.
Re7+ Kd8 79. Kg2 Qxe4+ 80. Kxh2 Qxf5 81. Rb7 e4 82. Kg2 Qxd5 83. Rb8+ Kc7 84.
Rb2 e3+ 85. Kf1 Qd3+ 86. Kg2 Qd2+ 0-1

[Event "29. Torneo San Viator 2017"]
[Site "Madrid ESP"]
[Date "2017.11.01"]
[Round "7.9"]
[White "Camarero Izquierdo, Juan Carlos"]
[Black "Monreal Bejarano, Luis Miguel"]
[Result "0-1"]
[WhiteElo "1843"]
[BlackElo "1883"]
[PlyCount "90"]
[EventDate "2017.09.17"]
[EventType "swiss"]
[EventRounds "9"]
[EventCountry "ESP"]
[SourceTitle "Ajedrez en Madrid"]
[Source "lmi"]
[SourceDate "2017.09.17"]

1. d4 d5 2. Nc3 c6 3. f3 Nf6 4. Qd3 Na6 5. Bg5 Qa5 6. Bxf6 exf6 7. e4 Be6 8.
Nge2 Bd6 9. Qd2 O-O 10. Nf4 Bxf4 11. Qxf4 Nb4 12. Bd3 Nxd3+ 13. cxd3 Qb4 14.
O-O-O Qxd4 15. Kb1 Rfd8 16. Qg3 a6 17. Ne2 Qa4 18. b3 Qb4 19. e5 fxe5 20. Qxe5
Re8 21. Qg5 a5 22. Nf4 a4 23. Nh5 Qc3 24. Qd2 Qe5 25. g4 axb3 26. d4 bxa2+ 27.
Ka1 Qd6 28. Qg5 Qf8 29. Nf6+ Kh8 30. Nxe8 Rxe8 31. Qd2 Qa3 32. Qd3 Qb4 33. Rd2
b5 34. Rxa2 Qc4 35. Qd2 b4 36. Rc1 Qb5 37. Rc5 Qf1+ 38. Rc1 Qxf3 39. Qxb4 Bxg4
40. Re1 Be6 41. Qd2 Rb8 42. Re3 Qf1+ 43. Qe1 Qc4 44. Qc3 Bf5 45. Qb2 Qf1+ 0-1

[Event "29. Torneo San Viator 2017"]
[Site "Madrid ESP"]
[Date "2017.11.01"]
[Round "7.10"]
[White "Gil Sierra, Jacinto"]
[Black "Del Rio Perezagua, Mario"]
[Result "0-1"]
[WhiteElo "1920"]
[BlackElo "1636"]
[PlyCount "44"]
[EventDate "2017.09.17"]
[EventType "swiss"]
[EventRounds "9"]
[EventCountry "ESP"]
[SourceTitle "Ajedrez en Madrid"]
[Source "lmi"]
[SourceDate "2017.09.17"]

1. e4 d5 2. exd5 Qxd5 3. Nc3 Qd8 4. Nf3 Bg4 5. h3 Bxf3 6. Qxf3 c6 7. d4 Qxd4 8.
Be3 Qb4 9. O-O-O Nf6 10. Rd4 Qa5 11. Ra4 Qc7 12. Rxa7 Rxa7 13. Bxa7 e6 14. g4
Be7 15. g5 Nd5 16. Nxd5 exd5 17. h4 Nd7 18. Bd4 O-O 19. Bd3 Ne5 20. Bxh7+ Kxh7
21. Qf5+ Ng6 22. h5 Qf4+ 0-1

[Event "29. Torneo San Viator 2017"]
[Site "Madrid ESP"]
[Date "2017.11.01"]
[Round "7.12"]
[White "Lopez Nuñez, Roberto"]
[Black "Sotoca Aguado, Jose"]
[Result "0-1"]
[WhiteElo "1766"]
[BlackElo "1885"]
[PlyCount "90"]
[EventDate "2017.09.17"]
[EventType "swiss"]
[EventRounds "9"]
[EventCountry "ESP"]
[SourceTitle "Ajedrez en Madrid"]
[Source "lmi"]
[SourceDate "2017.09.17"]

1. Nf3 d5 2. c4 c6 3. g3 g6 4. Bg2 Bg7 5. O-O e5 6. Qa4 Ne7 7. d3 O-O 8. Nc3
Nd7 9. Qa3 Nb6 10. c5 Nd7 11. e4 d4 12. Ne2 Nb8 13. Nd2 Be6 14. f4 f6 15. Nf3
Qd7 16. Bd2 Na6 17. fxe5 fxe5 18. Ng5 Rxf1+ 19. Rxf1 Rf8 20. Rxf8+ Bxf8 21. g4
h6 22. Nxe6 Qxe6 23. h3 Kg7 24. b4 Ng8 25. Ng3 Be7 26. Bf3 Qf7 27. Bd1 Bh4 28.
Nh1 Ne7 29. Kg2 Bg5 30. Bb3 Qf6 31. Qb2 Bxd2 32. Qxd2 Nc7 33. Nf2 Ne6 34. Bxe6
Qxe6 35. Nd1 g5 36. Qc2 Ng6 37. Nf2 Qf6 38. Qd1 Qf4 39. a4 Qe3 40. b5 Nf4+ 41.
Kf1 Qg3 42. a5 Qg2+ 43. Ke1 Qg1+ 44. Kd2 Qxf2+ 45. Kc1 Ne2+ 0-1

[Event "29. Torneo San Viator 2017"]
[Site "Madrid ESP"]
[Date "2017.11.01"]
[Round "7.13"]
[White "Rosa Ramirez, Victor D"]
[Black "Tudela Garcia, Antonio"]
[Result "1-0"]
[WhiteElo "1955"]
[BlackElo "1593"]
[PlyCount "133"]
[EventDate "2017.09.17"]
[EventType "swiss"]
[EventRounds "9"]
[EventCountry "ESP"]
[SourceTitle "Ajedrez en Madrid"]
[Source "lmi"]
[SourceDate "2017.09.17"]

1. e4 e6 2. d4 b6 3. Bd3 Bb7 4. Nf3 Nf6 5. Nc3 d6 6. O-O Nbd7 7. Bf4 Nh5 8. Bd2
g6 9. Re1 Bg7 10. Bg5 f6 11. Bd2 Bf8 12. Nh4 Ng7 13. Qg4 g5 14. Nf3 h5 15. Qg3
Be7 16. e5 h4 17. Bg6+ Kf8 18. Nxh4 gxh4 19. Qh3 f5 20. exd6 Bxd6 21. d5 e5 22.
Bxf5 Nxf5 23. Qxf5+ Kg7 24. Re4 Nf6 25. Bg5 Qf8 26. Bxh4 Nxe4 27. Qg4+ Kf7 28.
Qe6+ Kg7 29. Nxe4 Rh6 30. Qg4+ Rg6 31. Ng5 Bc8 32. Qc4 Bc5 33. Rf1 Qf5 34. b4
a5 35. bxc5 Ba6 36. Qb3 Bxf1 37. Ne6+ Kh7 38. Kxf1 Qg4 39. g3 Qd1+ 40. Kg2 Rh6
41. Qa4 Qxd5+ 42. f3 Qxe6 43. Qe4+ Kg7 44. Qxa8 bxc5 45. Qxa5 Rxh4 46. Qxc7+
Kh6 47. gxh4 Qg6+ 48. Kh3 Qf5+ 49. Kg3 Qf4+ 50. Kg2 Qd2+ 51. Kh3 Qf4 52. Qc6+
Kg7 53. Qd7+ Kf8 54. Qc8+ Kf7 55. Qg4 Qc1 56. Qf5+ Kg8 57. h5 Qf1+ 58. Kh4 Qf2+
59. Kg5 Qd2+ 60. Kf6 Qd8+ 61. Kxe5 Qc7+ 62. Ke4 Qe7+ 63. Kf4 Qd6+ 64. Kg4 Qd4+
65. Kg5 Qd2+ 66. f4 Qd8+ 67. Kh6 1-0

[Event "29. Torneo San Viator 2017"]
[Site "Madrid ESP"]
[Date "2017.11.01"]
[Round "7.16"]
[White "Cano Mercado, Francisco Manuel"]
[Black "Fernandez Rios, Jose Francisco"]
[Result "0-1"]
[WhiteElo "1823"]
[BlackElo "1770"]
[PlyCount "66"]
[EventDate "2017.09.17"]
[EventType "swiss"]
[EventRounds "9"]
[EventCountry "ESP"]
[SourceTitle "Ajedrez en Madrid"]
[Source "lmi"]
[SourceDate "2017.09.17"]

1. d4 Nf6 2. Bg5 e6 3. Nd2 h6 4. Bxf6 Qxf6 5. Ngf3 d6 6. e3 Nd7 7. Bd3 Qd8 8.
Qe2 Be7 9. e4 e5 10. dxe5 Nxe5 11. Nxe5 dxe5 12. Nf3 Bd6 13. Bc4 Qe7 14. h3 Bd7
15. Bd5 c6 16. Bb3 O-O-O 17. Nd2 g6 18. a4 f5 19. a5 Rhf8 20. c3 Qg5 21. g3 h5
22. Rd1 f4 23. h4 Qe7 24. Nc4 Bc5 25. Rh2 fxg3 26. fxg3 Bg4 27. Rxd8+ Rxd8 28.
Qf1 Rf8 29. Qd3 Qf6 30. Rd2 Bf2+ 31. Kf1 Be3+ 32. Kg2 Bxd2 33. Nxd2 Qf2+ 0-1

[Event "29. Torneo San Viator 2017"]
[Site "Madrid ESP"]
[Date "2017.11.01"]
[Round "7.17"]
[White "Lopez Benitez, David"]
[Black "Criado Jimenez, Jose"]
[Result "1-0"]
[WhiteElo "1717"]
[BlackElo "1617"]
[PlyCount "71"]
[EventDate "2017.09.17"]
[EventType "swiss"]
[EventRounds "9"]
[EventCountry "ESP"]
[SourceTitle "Ajedrez en Madrid"]
[Source "lmi"]
[SourceDate "2017.09.17"]

1. f4 d5 2. Nf3 c5 3. g3 Nf6 4. Bg2 e6 5. d3 Be7 6. h3 Nc6 7. Na3 O-O 8. c4 a6
9. O-O Rb8 10. b3 Qc7 11. e3 Rd8 12. Qe2 b5 13. Bb2 Ne8 14. cxd5 exd5 15. Ne5
Bf6 16. Nxc6 Qxc6 17. Rac1 Bxb2 18. Qxb2 Bb7 19. Nc2 Qg6 20. Qc3 Qxg3 21. Qxc5
d4 22. Qg5 Qxg2+ 23. Qxg2 Bxg2 24. Kxg2 dxe3 25. d4 Nf6 26. Kf3 Re8 27. Nxe3
Rbd8 28. Rcd1 Nd5 29. Nxd5 Rxd5 30. Rf2 f6 31. Re2 Rxe2 32. Kxe2 Rh5 33. Rd3
Kf7 34. Kf2 Ke6 35. Rc3 Kd5 36. Rc5+ 1-0

[Event "29. Torneo San Viator 2017"]
[Site "Madrid ESP"]
[Date "2017.11.01"]
[Round "7.18"]
[White "Estevez Sacristan, Deva"]
[Black "Sanz Toledano, Alfonso"]
[Result "1/2-1/2"]
[WhiteElo "1665"]
[BlackElo "1818"]
[PlyCount "115"]
[EventDate "2017.09.17"]
[EventType "swiss"]
[EventRounds "9"]
[EventCountry "ESP"]
[SourceTitle "Ajedrez en Madrid"]
[Source "lmi"]
[SourceDate "2017.09.17"]

1. e4 c5 2. Nf3 Nf6 3. Nc3 d5 4. exd5 Nxd5 5. d4 Nxc3 6. bxc3 e6 7. Bc4 Be7 8.
O-O Nc6 9. Be3 O-O 10. Qd2 Qa5 11. Rfd1 Rd8 12. Rab1 cxd4 13. cxd4 Qxd2 14.
Rxd2 b6 15. c3 Bb7 16. Bf4 Rac8 17. Rc1 Na5 18. Be2 Bf6 19. Rdd1 Nc4 20. Nd2
Bd5 21. f3 g5 22. Bxc4 Bxc4 23. Ne4 Bxd4+ 24. Rxd4 Rxd4 25. cxd4 gxf4 26. Nd6
Rc6 27. Kf2 Bd5 28. Rxc6 Bxc6 29. Ke2 Bd5 30. a3 b5 31. Kd3 a6 32. Kc3 Kf8 33.
Kb4 Ke7 34. Kc5 f6 35. Nc8+ Kd8 36. Nb6 Bb3 37. Kc6 Bc4 38. Kb7 Bf1 39. g3 fxg3
40. hxg3 a5 41. f4 b4 42. axb4 axb4 43. Kc6 b3 44. Na4 Bg2+ 45. Kd6 Bd5 46. f5
Bc4 47. fxe6 h5 48. Nb2 Bb5 49. Kc5 Be2 50. Kd6 Bf3 51. e7+ Ke8 52. Ke6 f5 53.
Kxf5 Kxe7 54. Ke5 Be2 55. Ke4 Kd6 56. Ke3 Bb5 57. Kd2 Kd5 58. Kc3 1/2-1/2

[Event "29. Torneo San Viator 2017"]
[Site "Madrid ESP"]
[Date "2017.11.05"]
[Round "8.1"]
[White "Quispe Arteaga, Gabriel"]
[Black "Iagar, Razvan-Gabriel"]
[Result "1/2-1/2"]
[WhiteElo "2197"]
[BlackElo "2163"]
[PlyCount "192"]
[EventDate "2017.09.17"]
[EventType "swiss"]
[EventRounds "9"]
[EventCountry "ESP"]
[SourceTitle "Ajedrez en Madrid"]
[Source "lmi"]
[SourceDate "2017.09.17"]

1. Nf3 d5 2. g3 Nf6 3. Bg2 h6 4. O-O Bf5 5. d3 e6 6. c4 c6 7. cxd5 exd5 8. Qb3
Qb6 9. Qc2 Be7 10. Nc3 Nbd7 11. e4 dxe4 12. dxe4 Bh7 13. Be3 Qa5 14. Rad1 O-O
15. Qb3 Nb6 16. e5 Ne4 17. e6 Nc5 18. Bxc5 Qxc5 19. exf7+ Rxf7 20. Rde1 Bf6 21.
Ne4 Qc4 22. Nxf6+ Rxf6 23. Re7 Qxb3 24. axb3 Rf7 25. Rfe1 Kf8 26. R7e2 Nd7 27.
Nd4 Nc5 28. Nxc6 Nd3 29. Ne5 Nxe1 30. Nxf7 Nxg2 31. Ne5 Nh4 32. gxh4 Bf5 33.
Kg2 Rd8 34. Re3 Kg8 35. Kg3 Be6 36. Nf3 Kf7 37. b4 Kf6 38. Re4 Rd3 39. Re3 Rd6
40. Kf4 Rb6 41. Nd4 Bf7 42. b5 a6 43. bxa6 bxa6 44. Re2 Rb4 45. Rd2 a5 46. Ke3
a4 47. Rc2 Bd5 48. Rc5 Ba2 49. Rb5 Rxb5 50. Nxb5 Ke5 51. Nd4 Bd5 52. f3 Bc4 53.
Nc2 Kf5 54. Na3 Bb3 55. Nb5 Bd5 56. Nc3 Bb3 57. Ne4 Bd5 58. Nc3 Bb3 59. Ne2 Bd5
60. Nd4+ Ke5 61. Ne2 Kf5 62. Ng3+ Ke5 63. Nh5 Bf7 64. Nf4 Kf5 65. Nd3 Bd5 66.
Nf4 Bf7 67. Ne2 Bd5 68. Ng3+ Ke5 69. f4+ Kf6 70. Kd4 Bb3 71. Ke4 Bc2+ 72. Kf3
Bb3 73. Nf1 Bd5+ 74. Kg4 Be6+ 75. Kf3 Bd5+ 76. Ke3 Kf5 77. h3 Kg6 78. Ng3 Be6
79. Ke4 Bxh3 80. f5+ Kf7 81. Ke5 Bg2 82. Ne2 Bc6 83. Nd4 Bg2 84. Ne6 Bf3 85.
Nf4 Bd1 86. Nd5 Bb3 87. Ne3 Ke7 88. Ke4 Kf6 89. Kf4 Ke7 90. Ng4 Kf7 91. Ke5 Bd1
92. Ne3 Bb3 93. Nf1 Bc2 94. Nd2 Ke7 95. Nf3 Bd1 96. Nd4 Kf7 1/2-1/2

[Event "29. Torneo San Viator 2017"]
[Site "Madrid ESP"]
[Date "2017.11.05"]
[Round "8.2"]
[White "Bustos Bernardo, Samuel"]
[Black "Rodriguez Romero, Martin"]
[Result "1-0"]
[WhiteElo "2096"]
[BlackElo "1907"]
[PlyCount "79"]
[EventDate "2017.09.17"]
[EventType "swiss"]
[EventRounds "9"]
[EventCountry "ESP"]
[SourceTitle "Ajedrez en Madrid"]
[Source "lmi"]
[SourceDate "2017.09.17"]

1. Nf3 Nf6 2. c4 e6 3. Nc3 Bb4 4. Qc2 O-O 5. a3 Bxc3 6. Qxc3 d6 7. d4 b6 8. e3
Bb7 9. Be2 Nbd7 10. O-O Qe7 11. b4 a5 12. Bb2 Ne4 13. Qb3 f5 14. d5 e5 15. Rac1
Ba6 16. Bd3 Ndf6 17. Qc2 Bc8 18. Ne1 g6 19. Be2 axb4 20. axb4 Ng4 21. c5 Nexf2
22. Rxf2 Nxf2 23. Kxf2 Qh4+ 24. Kg1 Qxb4 25. cxd6 cxd6 26. Bc3 Qc5 27. Qd2 Qc7
28. Bxe5 Qe7 29. Bd4 Rb8 30. Bb2 Re8 31. Nc2 Bb7 32. Qd4 Qe5 33. Qb4 Qe7 34.
Bf3 Ba6 35. Re1 Rbc8 36. Nd4 Qh4 37. g3 Qh3 38. Nc6 Qh6 39. Qd4 Re5 40. Nxe5
1-0

[Event "29. Torneo San Viator 2017"]
[Site "Madrid ESP"]
[Date "2017.11.05"]
[Round "8.3"]
[White "Robles Diaz, Jose Alberto"]
[Black "Luque Ibañes, Manuel"]
[Result "1-0"]
[WhiteElo "2096"]
[BlackElo "1987"]
[PlyCount "85"]
[EventDate "2017.09.17"]
[EventType "swiss"]
[EventRounds "9"]
[EventCountry "ESP"]
[SourceTitle "Ajedrez en Madrid"]
[Source "lmi"]
[SourceDate "2017.09.17"]

1. Nf3 d5 2. g3 c5 3. Bg2 Nc6 4. d4 Nf6 5. O-O e6 6. c4 Be7 7. Nc3 O-O 8. cxd5
exd5 9. Bg5 c4 10. e3 h6 11. Bxf6 Bxf6 12. Nd2 Be6 13. Qh5 Ne7 14. b3 Qd7 15.
h3 b5 16. bxc4 bxc4 17. Qf3 Rab8 18. Rfb1 a5 19. g4 Rfc8 20. Qg3 Nc6 21. Rxb8
Nxb8 22. Qf3 Nc6 23. Nxd5 Qxd5 24. Qxd5 Bxd5 25. Bxd5 c3 26. Ne4 Nb4 27. Bb3
Nd3 28. Rd1 c2 29. Bxc2 Rxc2 30. Rxd3 Rxa2 31. Nxf6+ gxf6 32. Rc3 a4 33. Kg2
Kf8 34. Rc7 a3 35. Ra7 Ra1 36. h4 a2 37. h5 Kg7 38. Kf3 f5 39. gxf5 Kf6 40. Kf4
Kg7 41. Ke5 Rh1 42. Rxa2 Rxh5 43. d5 1-0

[Event "29. Torneo San Viator 2017"]
[Site "Madrid ESP"]
[Date "2017.11.05"]
[Round "8.4"]
[White "Recuenco Andres, Javier"]
[Black "Lobato Rivero, Carlos"]
[Result "0-1"]
[WhiteElo "1904"]
[BlackElo "1971"]
[PlyCount "98"]
[EventDate "2017.09.17"]
[EventType "swiss"]
[EventRounds "9"]
[EventCountry "ESP"]
[SourceTitle "Ajedrez en Madrid"]
[Source "lmi"]
[SourceDate "2017.09.17"]

1. e4 c6 2. d4 d5 3. Nd2 dxe4 4. Nxe4 Nf6 5. Ng3 h5 6. h4 Bg4 7. f3 Bd7 8. Bd3
e6 9. N1e2 Bd6 10. Ne4 Nxe4 11. fxe4 e5 12. Be3 Bg4 13. Qd2 exd4 14. Nxd4 Bg3+
15. Bf2 Bc7 16. Ne2 Nd7 17. O-O Ne5 18. Bg3 Qe7 19. Nf4 O-O-O 20. Qe1 Bb6+ 21.
Bf2 Qxh4 22. Bxb6 Qxe1 23. Raxe1 axb6 24. Rf2 g5 25. Nh3 Bxh3 26. gxh3 Nxd3 27.
cxd3 Rxd3 28. Rxf7 g4 29. e5 gxh3 30. e6 Rg8+ 31. Kh1 h2 32. e7 Rg1+ 33. Rxg1
hxg1=Q+ 34. Kxg1 Kd7 35. e8=Q+ Kxe8 36. Rxb7 Rd1+ 37. Kg2 Rd2+ 38. Kh3 Rxb2 39.
Kh4 Rh2+ 40. Kg3 Rxa2 41. Rxb6 Kd7 42. Rb7+ Kd6 43. Rh7 Ra5 44. Kf4 Rd5 45. Ke4
Kc5 46. Rh6 Kb5 47. Rh8 Kc4 48. Rh6 c5 49. Rh8 h4 0-1

[Event "29. Torneo San Viator 2017"]
[Site "Madrid ESP"]
[Date "2017.11.05"]
[Round "8.5"]
[White "Rodriguez Bittar, Karim Javier"]
[Black "Rodriguez Valero, Martin"]
[Result "0-1"]
[WhiteElo "1934"]
[BlackElo "1835"]
[PlyCount "68"]
[EventDate "2017.09.17"]
[EventType "swiss"]
[EventRounds "9"]
[EventCountry "ESP"]
[SourceTitle "Ajedrez en Madrid"]
[Source "lmi"]
[SourceDate "2017.09.17"]

1. Nf3 Nf6 2. g3 g6 3. Bg2 Bg7 4. O-O O-O 5. d3 d6 6. c3 Nc6 7. Qc2 Bg4 8. Nbd2
Qc8 9. Re1 e5 10. e4 Bh3 11. Bh1 h6 12. d4 Nh7 13. dxe5 Nxe5 14. Nxe5 Bxe5 15.
Nc4 Kg7 16. Nxe5 dxe5 17. Be3 Ng5 18. Rad1 Qg4 19. Bxg5 hxg5 20. Rd5 Qe6 21.
Qd2 Qf6 22. c4 Be6 23. Rb5 Rad8 24. Qc3 Rd4 25. Rxb7 Rfd8 26. Qf3 Qe7 27. Bg2
Rd3 28. Qe2 Bxc4 29. Qc2 Qc5 30. b4 Qd4 31. Qe2 Rd1 32. Rxd1 Qxd1+ 33. Qxd1
Rxd1+ 34. Bf1 Bxf1 0-1

[Event "29. Torneo San Viator 2017"]
[Site "Madrid ESP"]
[Date "2017.11.05"]
[Round "8.6"]
[White "Garcia Sanjuan, Jose"]
[Black "Mazo Fernandez, Roberto"]
[Result "1/2-1/2"]
[WhiteElo "1899"]
[BlackElo "1967"]
[PlyCount "97"]
[EventDate "2017.09.17"]
[EventType "swiss"]
[EventRounds "9"]
[EventCountry "ESP"]
[SourceTitle "Ajedrez en Madrid"]
[Source "lmi"]
[SourceDate "2017.09.17"]

1. Nf3 Nf6 2. b3 g6 3. Bb2 Bg7 4. e3 O-O 5. h3 d5 6. c4 c5 7. cxd5 Nxd5 8. Bxg7
Kxg7 9. Qc1 b6 10. a3 Bb7 11. Nc3 Nf6 12. Bc4 Nc6 13. O-O e5 14. d3 a6 15. a4
Qd6 16. Rd1 Rad8 17. e4 Nb4 18. Qg5 Rfe8 19. Nh4 Bc8 20. g4 h6 21. Qc1 Qe7 22.
Ng2 Rd6 23. f4 Red8 24. Ne1 Nd7 25. f5 Nb8 26. Qe3 N8c6 27. Rd2 Na5 28. Rad1
Bb7 29. Qg3 g5 30. Nf3 f6 31. Ne1 Nac6 32. h4 Nd4 33. Rh2 Bc6 34. hxg5 fxg5 35.
Rf2 Rf6 36. Rfd2 b5 37. axb5 axb5 38. Bd5 Bxd5 39. exd5 Nxd5 40. Nxd5 Rxd5 41.
Qg2 Rd7 42. Rb2 Ra6 43. Qe4 Qd6 44. Rf2 Kf6 45. Qh1 Rh7 46. Qh5 Kg7 47. f6+ Kf8
48. Qg6 Qd7 49. Qe4 1/2-1/2

[Event "29. Torneo San Viator 2017"]
[Site "Madrid ESP"]
[Date "2017.11.05"]
[Round "8.7"]
[White "Garcia Galeote, Lorenzo"]
[Black "Gonzalez-Ruano Perez, Cesar"]
[Result "1/2-1/2"]
[WhiteElo "1989"]
[BlackElo "1848"]
[PlyCount "56"]
[EventDate "2017.09.17"]
[EventType "swiss"]
[EventRounds "9"]
[EventCountry "ESP"]
[SourceTitle "Ajedrez en Madrid"]
[Source "lmi"]
[SourceDate "2017.09.17"]

1. d4 c5 2. e3 Nf6 3. Nf3 g6 4. Be2 Bg7 5. O-O O-O 6. c4 d5 7. Nc3 cxd4 8. exd4
dxc4 9. Bxc4 Bg4 10. d5 Qc7 11. Bb3 Rd8 12. h3 Bf5 13. Nd4 Be4 14. Ndb5 Qa5 15.
Qe2 Bxd5 16. Bf4 Na6 17. Qxe7 Re8 18. Qa3 Qxa3 19. bxa3 Bxb3 20. axb3 Ne4 21.
Rac1 Nxc3 22. Nxc3 Nc5 23. Nd5 Nd3 24. Rcd1 Nxf4 25. Nxf4 Re4 26. Nd5 Rae8 27.
Rd3 Re1 28. Ne3 Re2 1/2-1/2

[Event "29. Torneo San Viator 2017"]
[Site "Madrid ESP"]
[Date "2017.11.05"]
[Round "8.8"]
[White "Del Rio Perezagua, Mario"]
[Black "Campos Tores, Jose Luis"]
[Result "1/2-1/2"]
[WhiteElo "1636"]
[BlackElo "1879"]
[PlyCount "113"]
[EventDate "2017.09.17"]
[EventType "swiss"]
[EventRounds "9"]
[EventCountry "ESP"]
[SourceTitle "Ajedrez en Madrid"]
[Source "lmi"]
[SourceDate "2017.09.17"]

1. Nf3 Nf6 2. g3 g6 3. Bg2 Bg7 4. O-O O-O 5. d3 d6 6. e4 e5 7. Re1 Nc6 8. c3
Re8 9. Nbd2 Nh5 10. b4 f5 11. b5 Ne7 12. Qb3+ Kh8 13. Ng5 Rf8 14. Nf7+ Rxf7 15.
Qxf7 f4 16. Nf3 Bh6 17. h3 Ng7 18. Qb3 Be6 19. c4 Qd7 20. Kh2 Rf8 21. Qc3 g5
22. d4 g4 23. Ng1 Ng6 24. d5 Bf7 25. hxg4 Qxg4 26. Qf3 Qd7 27. Bh3 Qe7 28. Qg2
Nh5 29. Bg4 Nf6 30. Bf5 Rg8 31. Nf3 fxg3+ 32. fxg3 Nf4 33. Qd2 Rxg3 34. Qf2
Rg2+ 35. Qxg2 Nxg2 36. Kxg2 Bxc1 37. Raxc1 Nh5 38. Rh1 Nf4+ 39. Kf1 Bg6 40.
Bxg6 Nxg6 41. Kf2 Qf6 42. Rcg1 Nf4 43. Ke3 Nd3 44. Rg4 Nf4 45. Ng5 h5 46. Ne6
c6 47. bxc6 bxc6 48. a3 cxd5 49. cxd5 a5 50. a4 Kh7 51. Rg5 Kh6 52. Rf5 Qg6 53.
Nxf4 exf4+ 54. Rxf4 Qg3+ 55. Rf3 Qg5+ 56. Rf4 Qg3+ 57. Rf3 1/2-1/2

[Event "29. Torneo San Viator 2017"]
[Site "Madrid ESP"]
[Date "2017.11.05"]
[Round "8.9"]
[White "Perdomo Araujo, Angel Eduardo"]
[Black "Muñoz Cebey, Ricardo"]
[Result "1-0"]
[WhiteElo "2052"]
[BlackElo "1847"]
[PlyCount "123"]
[EventDate "2017.09.17"]
[EventType "swiss"]
[EventRounds "9"]
[EventCountry "ESP"]
[SourceTitle "Ajedrez en Madrid"]
[Source "lmi"]
[SourceDate "2017.09.17"]

1. e4 c6 2. d4 d5 3. Nc3 dxe4 4. Nxe4 Nd7 5. Nf3 Ngf6 6. Ng3 e6 7. Bd3 c5 8.
O-O cxd4 9. Nxd4 Bc5 10. Nb3 Be7 11. Bg5 O-O 12. Qe2 Re8 13. Rad1 Qc7 14. Rfe1
b6 15. Ne4 Bb7 16. Nc3 Qc6 17. f3 a6 18. Kh1 Nc5 19. Nxc5 Qxc5 20. Be3 Qc7 21.
Qf2 Bc5 22. Qh4 Bxe3 23. Rxe3 Rad8 24. Rde1 h6 25. Re5 Nd7 26. Rh5 Nf6 27. Rhe5
Nd7 28. R5e2 Nc5 29. Bc4 b5 30. Bb3 Nxb3 31. axb3 Rd6 32. h3 Red8 33. Qf4 Qd7
34. Qe3 Kf8 35. Kg1 Bc6 36. Qc5 Kg8 37. Ra1 Bb7 38. Qe3 Rd4 39. Rae1 Qd6 40.
Rf2 b4 41. Ne4 Bxe4 42. fxe4 e5 43. Ref1 f6 44. Qe2 Qc6 45. Ra1 R8d6 46. Re1
Qd7 47. Kh2 Kh7 48. Qh5 Qc6 49. Re3 g6 50. Qe2 Kg7 51. Qg4 Qd7 52. Qh4 Rd2 53.
Ref3 Rxf2 54. Qxf2 Qc6 55. Qa7+ Qd7 56. Qb8 Rd4 57. Qb6 Qd6 58. Qb7+ Kf8 59.
Qh7 Rxe4 60. Qxh6+ Ke7 61. Qg7+ Ke8 62. Rxf6 1-0

[Event "29. Torneo San Viator 2017"]
[Site "Madrid ESP"]
[Date "2017.11.05"]
[Round "8.10"]
[White "Garcia Martin, Esteban"]
[Black "Lopez Moreno, Jesus"]
[Result "1-0"]
[WhiteElo "1854"]
[BlackElo "2043"]
[PlyCount "45"]
[EventDate "2017.09.17"]
[EventType "swiss"]
[EventRounds "9"]
[EventCountry "ESP"]
[SourceTitle "Ajedrez en Madrid"]
[Source "lmi"]
[SourceDate "2017.09.17"]

1. c4 d5 2. cxd5 Nf6 3. g3 Nxd5 4. Bg2 e5 5. Nc3 Be6 6. Nf3 Nc6 7. O-O Be7 8.
d4 exd4 9. Nb5 d3 10. Qxd3 Ncb4 11. Qe4 c5 12. Bd2 Qb6 13. Nc3 Nf6 14. Qb1 O-O
15. Ng5 Bg4 16. a3 h6 17. Nxf7 Rxf7 18. axb4 cxb4 19. Nd5 Nxd5 20. Bxd5 Be6 21.
Be3 Qd6 22. Bxb7 Rb8 23. Be4 1-0

[Event "29. Torneo San Viator 2017"]
[Site "Madrid ESP"]
[Date "2017.11.05"]
[Round "8.11"]
[White "Rosa Ramirez, Victor D"]
[Black "Cid Garcia, Ramon"]
[Result "1/2-1/2"]
[WhiteElo "1955"]
[BlackElo "1844"]
[PlyCount "66"]
[EventDate "2017.09.17"]
[EventType "swiss"]
[EventRounds "9"]
[EventCountry "ESP"]
[SourceTitle "Ajedrez en Madrid"]
[Source "lmi"]
[SourceDate "2017.09.17"]

1. e4 e5 2. Nf3 Nc6 3. Bc4 Bc5 4. O-O Nf6 5. d4 Bxd4 6. Nxd4 Nxd4 7. f4 d6 8.
fxe5 dxe5 9. Bg5 Qe7 10. Kh1 Bg4 11. Bxf6 Bxd1 12. Bxe7 Bh5 13. Bc5 Nxc2 14.
Nc3 Nxa1 15. Rxa1 c6 16. a4 b6 17. Ba3 O-O-O 18. Rc1 Kb7 19. a5 b5 20. Bf1 a6
21. Bc5 Rd2 22. Bb6 Rxb2 23. h3 Rd2 24. g4 Bg6 25. Bg2 Rhd8 26. Bxd8 Rxd8 27.
h4 h5 28. Bf3 hxg4 29. Bxg4 Rd4 30. Re1 b4 31. Na4 Kc7 32. Nc5 Kd6 33. Nb7+ Kc7
1/2-1/2

[Event "29. Torneo San Viator 2017"]
[Site "Madrid ESP"]
[Date "2017.11.05"]
[Round "8.12"]
[White "Sotoca Aguado, Jose"]
[Black "Camarero Izquierdo, Juan Carlos"]
[Result "1-0"]
[WhiteElo "1885"]
[BlackElo "1843"]
[PlyCount "139"]
[EventDate "2017.09.17"]
[EventType "swiss"]
[EventRounds "9"]
[EventCountry "ESP"]
[SourceTitle "Ajedrez en Madrid"]
[Source "lmi"]
[SourceDate "2017.09.17"]

1. c4 e5 2. Nc3 Nf6 3. g3 Bb4 4. Bg2 Bxc3 5. bxc3 O-O 6. Nf3 d6 7. O-O Nc6 8.
Rb1 Rb8 9. d3 h6 10. h3 Be6 11. e4 Nd7 12. Nh4 Ne7 13. g4 Ng6 14. Nf5 Bxf5 15.
exf5 Nh4 16. Rxb7 Nxg2 17. Rxb8 Qxb8 18. Kxg2 Qb7+ 19. f3 Qa6 20. Qe2 Rb8 21.
h4 f6 22. Rf2 Rb1 23. Be3 Qb7 24. Qc2 a5 25. d4 Re1 26. Bc1 e4 27. fxe4 Rxe4
28. Kg3 Re1 29. Rf3 Rg1+ 30. Kf4 Qc6 31. Bd2 a4 32. Qd3 Ra1 33. Qe2 Nf8 34. Be3
a3 35. Rf1 Rxf1+ 36. Qxf1 Qa6 37. Kf3 d5 38. Bf4 dxc4 39. Qe2 Qb7+ 40. Qe4 c6
41. Bc1 Qa8 42. Qe2 Qa6 43. Kg3 Kh7 44. g5 c5 45. g6+ Nxg6 46. fxg6+ Kxg6 47.
d5 Qa5 48. h5+ Kh7 49. Qe4+ Kh8 50. Qxc4 Qc7+ 51. Bf4 Qf7 52. Qxc5 Qxh5 53.
Qc8+ Kh7 54. d6 g5 55. Qd7+ Kg8 56. Qd8+ Kh7 57. Qe7+ Kg8 58. Qe6+ Kg7 59. Be3
Qh4+ 60. Kf3 Qh1+ 61. Ke2 Qc6 62. Bd4 Qg2+ 63. Kd3 Qf3+ 64. Kc2 Qg2+ 65. Kb3
Qb2+ 66. Ka4 Qc2+ 67. Kxa3 Qc1+ 68. Kb4 Qb1+ 69. Kc5 Qg6 70. d7 1-0